Titres de Linkin Park en images - Statistiques

Statistiques générales
  • Ce quiz a été pris 253 fois
  • Le résultat moyen est 11 sur 16
Statistiques - réponses
Par images Réponse % Correct
Numb
98%
In The End
96%
Faint
83%
What I've Done
75%
One Step Closer
74%
Crawling
73%
Papercut
72%
One More Light
71%
Breaking The Habit
68%
Somewhere I Belong
64%
Bleed It Out
56%
Heavy (feat Kiiara)
51%
Burn It Down
50%
The Emptiness Machine (Emily Armstrong)
48%
New Divide
41%
Friendly Fire
30%
Aucun quiz correspondant
Distribution des résultats
% des personnes avec chaque résultat
Percentile par nombre de réponses
Votre historique - résultats
Vous n’avez pas pris ce quiz